00282nam a2200097Ia 4500008004100000100002300041245005200064250000800116260005200124300000800176191201s2009 xx 000 0 und d aSHARMA, Varun Dutt 0aEnvironmental Education and Disaster Management a1st c2009bCBS Publishers and DistributoraNEW DELHI a170